000 01115nam a22003137a 4500
001 BR9503177
003 BR-BrBNA
005 20230928094525.0
007 ta
008 230509b bl.||||| |||| 00| 0 por d
040 _aBR-BrBNA
_bpor
_cBiblioteca Nacional de Agricultura
041 _a(Por)
072 _aH20; K10
_b3575
_b3490
090 _ 3575 BR9503177
100 1 _aSantos, G.J.C. dos
110 1 _aEscola Superior de Agricultura de Lavras, MG (Brasil)
_0Tese (Mestre em Fitossanidade)
245 1 _aEfeito biologico de Trichoderma viride Pers ex. S.F. Gray e T. harzianus Rifai no tratamento de sementes de aroeira do sertao [Astronium urundeuva (Fr. All.)Engl]e na incorporacao ao solo
260 3 _aLavras, MG (Brasil):
_c1993.
300 _a58 p.
500 _a5 graphs; Bibliography p. 42-58 (88 ref.); Summaries (Eng, Por)
650 _aAroeira
650 _aFungo para Controle Biologico
650 _aPoder Germinativo
650 _aTratamento do Solo
650 _aFumigacao do Solo
650 _aTratamento Fitossanitario
909 _a202309
_bLucia
_c55
_dLucia Elande
942 _cBK
999 _c51146
_d51146